Pokémon - Les attaques de Rhinoféros - Statistiques

Statistiques générales
  • Ce quiz a été pris 12 fois
  • Le résultat moyen est 11 sur 15
Statistiques - réponses
Niveaux Types Noms des attaques % Correct
Niveau 47 Sol Séisme
100%
Niveau 40 Normal Bélier
89%
Niveau 25 Normal Écrasement
89%
Niveau 54 Roche Lame de Roc
89%
Niveau 61 Insecte Mégacorne
89%
Niveau 30 Roche Boule Roc
78%
Niveau 68 Normal Empal'Korne
78%
Niveau 15 Normal Koud'Korne
78%
Départ Normal Charge
67%
Évolution Combat Marto-Poing
67%
Départ Sol Piétisol
67%
Départ Roche Anti-Air
56%
Niveau 20 Normal Grimace
56%
Niveau 35 Sol Tunnelier
56%
Départ Normal Mimi-Queue
44%
Aucun quiz correspondant
Distribution des résultats
% des personnes avec chaque résultat
Percentile par nombre de réponses
Votre historique - résultats
Vous n’avez pas pris ce quiz